00402nam a2200157Ia 45000010006000000050017000060080041000230410008000640820016000721000036000882450067001242600009001913000028002006500008002286540008002361697420260306170350.0260306t2013||||xx |||||||||||||| ||und|| aESP a657.32bV35 aVázquez Carrillo, NitziaeAUT 0aNormas internacionales de información financiera (NIIF-IFRS) c2013 a335 páginas :c23 cm. aGEN aCCO